Представление документа в формате MARC21

Поле Инд. ПП Название Значение
Тип записи a
Библиографический уровень b
001 Контрольный номер a64ba374b3a74bbc9aee5ed5aa81e841
005 Дата корректировки 20221115145827.1
024 80 a Стандартный номер 10.1088/1751-8121/ac6bcf
040 a Служба первич. каталог. РИНЦ
b Код языка каталог. rus
041 0_ a Код языка текста eng
097 a Василенко М.А.
100 1_ a Автор Albeverio S.
100 1_ a Автор Motovilov A. K.
c Титул (звания) доцент (ученое звание); доктор физико-математических наук; профессор (должность);
i 000091227
g Прочие сведения РИНЦ AuthorID: 8476 (http://elibrary.ru/author_items.asp?authorid=8476); Scopus Author ID: 7003672394 (https://www.scopus.com/authid/detail.uri?origin=resultslist&authorId=7003672394&zone=)
j Принадлежность неизвестного автора к последователям, ученикам, сторонникам, школе и т. д. государственный университет "Дубна"
k Кафедра фундаментальных проблем физики микромира; Инженерно-физический институт
q Полное имя Мотовилов Александр Константинович
u Дополнение Мотовилов А. К.; Motovilov Alexander K.
245 10 a Заглавие Optimal Bounds on the Speed of Subspace Evolution
773 18 t Название источника Journal of Physics A: Mathematical and Theoretical
b Сведения об издании Institute of Physics and IOP Publishing Ltd.
c United Kingdom
d Место и дата издания 2022
m Специф. данные входит в Scopus;входит в WoS;Входит в ядро РИНЦ;зарубежный журнал;ненулевой импакт-фактор;
p J. Phys. A-Math. Theor.
q Q1 Scopus 2021
o Прочие индексы scopus 0.79
x ISSN 1751-8113
g Прочая информация Т. 55. - № 23. - С. 235203
w Контрольный № источника 99d69de53d6a4cc29a4ddad8d6b9762c
856 40 u URL https://www.elibrary.ru/item.asp?id=49149115
901 t Тип документа b
952 c Вид литературы статья в журнале